[Event "Sachsen 2-Schleswig-Holstein 1"]
[Site "?"]
[Date "2015.09.12"]
[Round "7.2"]
[White "Eichner, Christian"]
[Black "Gruzmann, Boris"]
[Result "0-1"]
[WhiteElo "2076"]
[BlackElo "2259"]

1. e4 c5 2. Nf3 d6 3. Bb5+ Bd7 4. Bxd7+ Qxd7 5. O-O Nc6 6. c3 Nf6 7. Re1 e6 8.
d4 cxd4 9. cxd4 d5 10. e5 Ne4 11. a3 Be7 12. Nbd2 Nxd2 13. Bxd2 O-O 14. Qe2 Rfc8
15. Rac1 Rc7 16. Rc3 Rac8 17. Bg5 Nxd4 18. Nxd4 Rxc3 19. Bxe7 R3c4 20. Qe3 Qxe7
21. Nb5 Re4 0-1

[Event "Sachsen 2-Schleswig-Holstein 1"]
[Site "?"]
[Date "2015.09.12"]
[Round "7.3"]
[White "Neumann, Joachim"]
[Black "Petzold, Hans, Prof. Dr."]
[Result "1/2-1/2"]
[WhiteElo "2112"]
[BlackElo "2066"]

1. c4 e5 2. Nc3 Nc6 3. g3 f5 4. Nf3 e4 5. Nh4 d6 6. d3 Be7 7. Ng2 Nf6 8. Nf4
exd3 9. exd3 O-O 10. Bg2 Nd4 11. Be3 Ne6 12. O-O Nxf4 13. Bxf4 c6 14. d4 Ne8 15.
h4 1/2-1/2

[Event "Sachsen 2-Schleswig-Holstein 1"]
[Site "?"]
[Date "2015.09.12"]
[Round "7.4"]
[White "Westphal, Norbert, Dr."]
[Black "Kornrumpf, Joachim"]
[Result "1/2-1/2"]
[WhiteElo "1969"]
[BlackElo "2046"]

1. Nf3 c5 2. b3 Nf6 3. g3 b6 4. Bg2 Bb7 5. O-O e6 6. Bb2 Be7 7. c4 O-O 8. Qc2 d6
9. Ng5 Bxg2 10. Bxf6 g6 11. Bxe7 Qxe7 12. Kxg2 Qxg5 13. f4 Qe7 14. Qe4 Nd7 15.
Nc3 Nf6 16. Qf3 d5 17. d3 1/2-1/2

[Event "Hessen 2-Sachsen-Anhalt 2"]
[Site "?"]
[Date "2015.09.12"]
[Round "7.1"]
[White "Bondick, Karl-Heinz"]
[Black "Kaulfuss, Helmut"]
[Result "1/2-1/2"]
[WhiteElo "2045"]
[BlackElo "2115"]

1. c4 Nc6 2. Nc3 e5 3. g3 g6 4. Bg2 Bg7 5. Nf3 d6 6. O-O Nge7 7. Rb1 Be6 8. d3
h6 9. b4 Qd7 10. e4 O-O 11. Nd5 f5 12. b5 Nd8 13. Nxe7+ Qxe7 14. Nh4 Kh7 15.
exf5 gxf5 16. f4 c5 17. Qh5 Qf7 18. Qxf7 Rxf7 19. fxe5 Bxe5 20. Nxf5 Bxf5 21.
Rxf5 Rxf5 22. Be4 Kg7 23. Bxf5 b6 24. Be4 Rc8 25. Bd5 Rc7 26. Bb2 Re7 27. Bxe5+
Rxe5 28. Kf2 Nf7 29. a4 Ng5 30. a5 bxa5 31. Ra1 Re7 32. Rxa5 Kf6 33. h4 Nh7 34.
g4 Ke5 35. Kg3 Nf6 36. Bf3 Rg7 37. Kh3 Kf4 38. Bd1 Nxg4 39. Bxg4 Rxg4 40. Rxa7
Rg3+ 41. Kh2 Rxd3 42. Rh7 Rd2+ 43. Kg1 Kg3 44. Kf1 Kxh4 45. Rxh6+ Kg5 46. Rh3 d5
47. cxd5 1/2-1/2

[Event "Hessen 2-Sachsen-Anhalt 2"]
[Site "?"]
[Date "2015.09.12"]
[Round "7.2"]
[White "Haase, Wolfgang"]
[Black "Just, Joachim"]
[Result "1-0"]
[WhiteElo "2133"]
[BlackElo "1969"]

1. c4 Nf6 2. Nf3 c6 3. g3 g6 4. Nc3 Bg7 5. e4 d6 6. d4 Bg4 7. h3 Bxf3 8. Qxf3 e5
9. Be3 Qa5 10. Bd3 Nbd7 11. d5 Nc5 12. Bd2 Nxd3+ 13. Qxd3 Qc7 14. O-O Qd7 15.
Kh2 h5 16. Bg5 Nh7 17. Be3 O-O 18. dxc6 bxc6 19. Rad1 Rad8 20. c5 f5 21. Qxd6
Qxd6 22. Rxd6 f4 23. gxf4 Rxd6 24. cxd6 exf4 25. Bxa7 Be5 26. Rd1 f3+ 27. Kh1
Nf6 28. Rd3 Bxc3 29. bxc3 Nxe4 30. d7 c5 31. Bxc5 Nxc5 32. d8=Q Rxd8 33. Rxd8+
Kf7 34. Rd4 g5 35. a4 Ke6 36. a5 Ke5 37. Kg1 Na6 38. Rd3 g4 39. hxg4 hxg4 40.
Rd4 Kf5 41. Rd6 1-0

[Event "Hessen 2-Sachsen-Anhalt 2"]
[Site "?"]
[Date "2015.09.12"]
[Round "7.3"]
[White "Kirmas, Joachim"]
[Black "Benninger, Rudolf"]
[Result "1/2-1/2"]
[WhiteElo "1958"]
[BlackElo "2097"]
[PlyCount "77"]
[EventDate "2015.??.??"]
[WhiteTeam "Sachsen-Anhalt 2"]
[BlackTeam "Hessen 2"]

1. e4 c5 2. c3 g6 3. d4 cxd4 4. cxd4 d5 5. Nc3 dxe4 6. Nxe4 Bg7 7. Be3 Nf6 8.
Nxf6+ Bxf6 9. Nf3 Nc6 10. Be2 Qa5+ 11. Qd2 Qxd2+ 12. Kxd2 O-O 13. Rhd1 Rd8 14.
Ke1 Bg4 15. Rac1 e6 16. Rc4 Rd7 17. h3 Bf5 18. Bd3 Bxd3 19. Rxd3 Rad8 20. Rd2 a6
21. Ke2 Rd5 22. Ke1 R8d7 23. Ke2 Kg7 24. b3 h6 25. g4 g5 26. Rc5 Be7 27. Rxd5
Rxd5 28. Kd1 f5 29. Rc2 f4 30. Bd2 Kf6 31. Rc4 Bd8 32. Ke2 Bb6 33. Bc3 Ke7 34.
Bb4+ Kf7 35. Bc3 Ba7 36. Bb2 Bb8 37. Ba3 Bd6 38. Bxd6 Rxd6 39. Ne5+ 1/2-1/2

[Event "Hessen 2-Sachsen-Anhalt 2"]
[Site "?"]
[Date "2015.09.12"]
[Round "7.4"]
[White "Kopp, Peter, Dr."]
[Black "Reinemann, Guenter, Dr."]
[Result "1-0"]
[WhiteElo "2042"]
[BlackElo "1932"]

1. g3 d5 2. Nf3 Nf6 3. Bg2 c6 4. d3 Nbd7 5. Nbd2 e5 6. e4 dxe4 7. dxe4 Bc5 8.
O-O O-O 9. Qe2 a5 10. a4 Re8 11. Nb3 Bb6 12. Rd1 Qc7 13. Be3 Bxe3 14. Qxe3 Nf8
15. Nfd2 Be6 16. f3 Red8 17. Bf1 b6 18. Bc4 Bxc4 19. Nxc4 c5 20. Qc3 Ng6 21.
Rxd8+ Rxd8 22. Re1 h5 23. Nbd2 Qd7 24. b3 h4 25. Kg2 b5 26. axb5 Qxb5 27. Nxa5
Qd7 28. Nac4 h3+ 29. Kf2 Qe7 30. Nf1 Nh5 31. Nce3 Qa7 32. Ra1 Qe7 33. Nd5 Qg5
34. Qxc5 Kh7 35. Qe3 Ngf4 36. c4 Qh6 37. Ra7 Qe6 38. g4 Nf6 39. Nxf4 exf4 40.
Qxf4 Qb6+ 41. Qe3 Nxg4+ 42. fxg4 Qf6+ 43. Kg1 Qb2 44. Qxh3+ 1-0

[Event "Schleswig-Holstein 2-Rheinland-Pfalz 2"]
[Site "?"]
[Date "2015.09.12"]
[Round "7.1"]
[White "Krieger, Hermann"]
[Black "Kracht, Helmut"]
[Result "0-1"]
[WhiteElo "2206"]
[BlackElo "2039"]

1. e4 e5 2. Nf3 d6 3. d4 exd4 4. Nxd4 g6 5. Nc3 Bg7 6. Be3 Nc6 7. Qd2 Nf6 8. f3
O-O 9. O-O-O Re8 10. h3 d5 11. Bb5 Bd7 12. exd5 Nxd4 13. Bxd4 Bxb5 14. Nxb5 Qxd5
15. Nxc7 Qxa2 16. c3 Rac8 17. Nxe8 Nd5 18. Bxg7 Qa1+ 19. Kc2 Nb4+ 20. Kb3 Qa2+
0-1

[Event "Schleswig-Holstein 2-Rheinland-Pfalz 2"]
[Site "?"]
[Date "2015.09.12"]
[Round "7.2"]
[White "Gehrmann, Rudolf-Rainer"]
[Black "Schwertel, Johann"]
[Result "1-0"]
[WhiteElo "2064"]
[BlackElo "2007"]

1. c4 d5 2. cxd5 Qxd5 3. Nc3 Qd8 4. Nf3 Nf6 5. g3 c6 6. Bg2 Nd5 7. O-O e6 8. d4
Be7 9. e4 Nxc3 10. bxc3 O-O 11. Be3 Na6 12. Rb1 Nc7 13. Qb3 b6 14. Rfd1 Bb7 15.
a4 Qc8 16. c4 c5 17. d5 exd5 18. exd5 Ne8 19. a5 Bd8 20. axb6 axb6 21. Bf4 Nf6
22. Ne5 Nh5 23. Be3 Nf6 24. Nc6 Bxc6 25. dxc6 Qf5 26. Rd2 Rc8 27. Rbd1 h6 28.
Bf4 Re8 29. Rd3 Qe6 30. Bf3 {Partie nicht rekonstruierbar} 1-0

[Event "Schleswig-Holstein 2-Rheinland-Pfalz 2"]
[Site "?"]
[Date "2015.09.12"]
[Round "7.3"]
[White "Dietzsch, Herbert"]
[Black "Seeck, Klaus"]
[Result "1-0"]
[WhiteElo "2060"]
[BlackElo "2109"]

1. e4 e6 2. d4 d5 3. Nc3 Nf6 4. Bg5 Bb4 5. e5 h6 6. Bd2 Bxc3 7. bxc3 Ne4 8. Bd3
Nxd2 9. Qxd2 c5 10. Nf3 Qa5 11. O-O Nc6 12. Qe3 Qxc3 13. dxc5 d4 14. Qe4 Qxc5
15. Rab1 a6 16. a4 Rb8 17. Rfe1 Bd7 18. Qg4 Kf8 19. Qf4 Ke7 20. h4 Rhf8 21. Qg3
g6 22. Qf4 Kd8 23. Qxh6 Kc7 24. Qf4 b5 25. axb5 axb5 26. Re4 Nb4 27. Rxd4 Nd5
28. Qd2 Bc6 29. Rb3 b4 30. Rc4 Qa5 31. Nd4 Rb6 32. Be4 Kb7 33. Rxc6 Rxc6 34.
Nxc6 Kxc6 35. Bxd5+ exd5 36. Qxb4 Qxb4 37. Rxb4 Kc5 38. Rf4 Re8 39. Rxf7 Rxe5
40. g4 d4 41. Kg2 Kd5 42. Kf3 Ke6 43. Rc7 Re1 44. Rc6+ Kf7 45. Rd6 Rc1 46. Rxd4
Rxc2 47. Rd6 Rc3+ 48. Kf4 Rh3 49. Kg5 Rf3 50. Rxg6 Rxf2 51. h5 Ra2 52. Kh6 Rh2
53. g5 Rf2 54. Ra6 Rb2 55. g6+ Ke7 56. g7 Rb8 57. Kh7 1-0

[Event "Schleswig-Holstein 2-Rheinland-Pfalz 2"]
[Site "?"]
[Date "2015.09.12"]
[Round "7.4"]
[White "Lehr, Thomas"]
[Black "Ranker, Klemens"]
[Result "0-1"]
[WhiteElo "1916"]
[BlackElo "1864"]
[PlyCount "102"]
[EventDate "2015.??.??"]
[WhiteTeam "Schleswig-Holstein 2"]
[BlackTeam "Rheinland-Pfalz 2"]

1. e4 c5 2. b3 Nc6 3. Bb2 d6 4. Bb5 Bd7 5. Nc3 a6 6. Bxc6 Bxc6 7. d3 Nf6 8. Qe2
e5 9. Nf3 Be7 10. O-O O-O 11. Nd2 Ne8 12. Nc4 f5 13. a4 f4 14. f3 Bh4 15. a5 Rf6
16. Nb6 Rb8 17. Ncd5 Rh6 18. Bc3 Bg3 19. h3 Qg5 20. Kh1 Nf6 21. Nxf6+ Qxf6 22.
Be1 Rg6 23. c4 Qh4 24. Ra2 Be8 25. Bxg3 Rxg3 26. Rf2 Bf7 27. Qf1 Be6 28. Nd5 Qd8
29. Nb6 h5 30. Nd5 Kf7 31. Nc3 Qd7 32. Ne2 Rg6 33. Ng1 Qd8 34. Rfb2 Rf6 35. b4
cxb4 36. Rxb4 b5 37. Qb1 g5 38. Ra3 g4 39. cxb5 axb5 40. Rxb5 Ra8 41. a6 Kg6 42.
a7 Rf8 43. Qe1 gxh3 44. g3 Qd7 45. Rba5 fxg3 46. Qxg3+ Kh6 47. d4 Rg8 48. Qf2
Rg2 49. Qe3+ Kh7 50. d5 Qg7 51. Ra2 Qg3 0-1

[Event "Mecklenburg-Vorpommern 2-Blindenschachb"]
[Site "?"]
[Date "2015.09.12"]
[Round "7.1"]
[White "Riegler, Dieter"]
[Black "Krueger, Horst"]
[Result "0-1"]
[WhiteElo "2096"]
[BlackElo "2119"]
[PlyCount "85"]
[EventDate "2015.??.??"]
[WhiteTeam "Blindenschachbund"]
[BlackTeam "Mecklenburg-Vorpommern 2"]

1. d4 d5 2. c4 c6 3. Nf3 Nf6 4. Qc2 e6 5. g3 Nbd7 6. Bg2 Bd6 7. Nbd2 O-O 8. O-O
Re8 9. a3 e5 10. cxd5 cxd5 11. dxe5 Nxe5 12. Nxe5 Bxe5 13. Nf3 Bg4 14. Nxe5 Rxe5
15. Re1 Qe8 16. f3 Bf5 17. Qd1 Qb5 18. Bf1 Qb6+ 19. Kg2 d4 20. Bf4 Re6 21. b4
Nd5 22. Bd2 {RA} Ne3+ 23. Bxe3 Rxe3 24. Qd2 Rd8 25. Red1 h5 26. a4 g5 27. Rac1
g4 28. Rc4 d3 29. Rc5 Rde8 30. exd3 gxf3+ 31. Kh1 Qe6 32. Qc1 Bg6 33. Qc4 Qf6
34. Rc8 f2 35. Rxe8+ Rxe8 36. Kg2 Re1 37. Rd2 Qd6 38. Rxf2 Re3 39. Qc8+ Kh7 40.
Qxb7 Re1 41. Qf3 Qxb4 42. Re2 Rd1 43. Re7  0-1

[Event "Mecklenburg-Vorpommern 2-Blindenschachb"]
[Site "?"]
[Date "2015.09.12"]
[Round "7.2"]
[White "Alder, Bodo"]
[Black "Dobierzin, Olaf"]
[Result "0-1"]
[WhiteElo "2072"]
[BlackElo "1998"]
[PlyCount "94"]
[EventDate "2015.??.??"]
[WhiteTeam "Mecklenburg-Vorpommern 2"]
[BlackTeam "Blindenschachbund"]

1. e4 c5 2. Nf3 Nc6 3. g3 g6 4. Bg2 Bg7 5. Nc3 d6 6. O-O e6 7. d3 Nge7 8. Be3
Nd4 9. Bxd4 cxd4 10. Ne2 Qb6 11. c3 dxc3 12. bxc3 O-O 13. Rb1 Qa6 14. Qd2 Bd7
15. Rfd1 Ba4 16. Rdc1 Rac8 17. Nfd4 Nc6 18. Nxc6 Bxc6 19. h4 Rfd8 20. Nd4 Ba4
21. Ne2 {RA} b6 22. c4 Rc5 23. Bf1 Qc8 24. Qb4 Ra5 25. d4 Bc6 26. d5 Bb7 27. a3
Qc5 28. Rb3 Rc8 29. Nc3 Bd4 30. Rc2 Ba6 31. Na4 Qxb4 32. Rxb4 b5 33. Nb2 Rxa3
34. Kg2 Ra2 35. Bd3 bxc4 36. Bxc4 Bxc4 37. Rcxc4 Rxc4 38. Nxc4 Rxf2+ 39. Kh3 Bc5
40. Rb8+ Kg7 41. dxe6 fxe6 42. Rc8 Bb4 43. Rc7+ Rf7 44. Rc6 Rd7 45. Nb2 Kf6 46.
Nd3 Ba5 47. g4 Ke7 0-1

[Event "Mecklenburg-Vorpommern 2-Blindenschachbund"]
[Site "?"]
[Date "2015.09.12"]
[Round "7.3"]
[White "Heinich, Manfred"]
[Black "Nauschuetz, Ernst"]
[Result "1/2-1/2"]
[WhiteElo "1974"]
[BlackElo "1993"]

1. d4 Nf6 2. c4 e6 3. Nf3 Bb4+ 4. Nbd2 b6 5. a3 Bxd2+ 6. Qxd2 Bb7 7. e3 O-O 8.
Be2 d6 9. O-O c5 10. b4 Nbd7 11. Bb2 Qe7 12. Qc2 Be4 13. Qc3 Rfc8 14. dxc5 dxc5
15. b5 Ne8 16. Rfd1 f6 17. Rd2 Nf8 18. Rad1 Rd8 19. Ne1 Rxd2 20. Qxd2 Rc8 21.
Bf3 Bxf3 22. Nxf3 Rc7 23. Qc2 Kf7 24. a4 Rd7 25. Rd2 Qd8 26. Kf1 Ke7 27. Rxd7+
Qxd7 28. Ke2 Nd6 29. Nd2 e5 30. f3 Qe6 31. Ba3 g6 32. h3 Nd7 33. Bb2 Qf5 34.
Qxf5 Nxf5 35. Ne4 Nd6 36. Nxd6 Kxd6 37. Kd3 Ke6 38. Bc3 h5 39. a5 f5 1/2-1/2

[Event "Mecklenburg-Vorpommern 2-Blindenschachbund"]
[Site "?"]
[Date "2015.09.12"]
[Round "7.4"]
[White "Krueger, Gerhard"]
[Black "Mueller, Manfred"]
[Result "1/2-1/2"]
[WhiteElo "2034"]
[BlackElo "1967"]

1. e4 c5 2. Nf3 Nc6 3. c4 d6 4. d4 cxd4 5. Nxd4 Nxd4 6. Qxd4 Bd7 7. Nc3 Nf6 8.
f3 g6 9. Be3 Bg7 10. Be2 O-O 11. Qd2 Qa5 12. O-O Rac8 13. Nd5 Qxd2 14. Nxe7+ Kh8
15. Bxd2 Rce8 16. Nd5 Nxd5 17. cxd5 Bxb2 18. Rab1 Bd4+ 19. Kh1 b6 20. Bb4 Bc5
21. Bc3+ f6 22. Ba6 Kg7 23. g4 h6 24. h4 Kf7 25. Bd2 Kg7 26. Bc3 Kf7 27. Kg2 h5
28. g5 fxg5 29. hxg5 Kg8 30. Kg3 Rf7 31. Bd3 Be3 32. Bf6 h4+ 33. Kg2 Bf4 34. Rh1
h3+ 35. Kf2 Be5 36. Bxe5 Rxe5 37. Rbg1 Kg7 38. Ke3 Re8 39. Rc1 Rc8 40. Rxc8 Bxc8
41. Bf1 Rc7 42. Kd2 Rc5 43. a4 Ra5 44. Bb5 a6 45. Bc6 b5 46. axb5 axb5 47. e5
dxe5 48. d6 b4 49. Ke3 Bf5 50. Rd1 Ra3+ 51. Kf2 Ra2+ 52. Kg1 Rg2+ 53. Kh1 Rxg5
54. d7 Bxd7 55. Bxd7 Rg3 56. Rf1 b3 57. Kh2 Rg2+ 58. Kxh3 Rd2 59. Bc6 Kf6 60.
Be4 b2 61. Kg3 Kg5 62. Rb1 Re2 63. Kh3 Kf6 64. Rg1 g5 65. Rd1 Ke6 66. Kg4 Rg2+
67. Kh5 Kf6 68. Rd6+ Ke7 69. Rb6 Kd7 70. Kg6 g4 71. Kf5 gxf3 72. Bxf3 Rf2 73.
Ke4 Kc7 74. Rb3 Kd6 75. Ke3 Rh2 76. Rb5 Rc2 77. Kd3 Rf2 78. Be2 Kc6 79. Rxb2 Rf4
80. Ke3 Rd4 81. Bf3+ Kc5 82. Be4 Kc4 83. Kf3 Kc5 84. Re2 Kd6 85. Kg4 Rd1 86. Rg2
Rf1 87. Bf3 Ke6 88. Rh2 Rg1+ 89. Bg2 Kf6 90. Kf3 Kg5 91. Rh3 Ra1 92. Ke4 Kg4 93.
Re3 Ra7 94. Kd5 Ra5+ 95. Ke6 Kf4 96. Rf3+ Kg4 97. Rb3 Kf4 98. Rb4+ Kg5 99. Bd5
Ra1 100. Kxe5 Re1+ 101. Kd6 Re3 1/2-1/2